000 00737nam a22001817a 4500
003 IT-RoPau
005 20220918175938.0
008 130119b xxu||||| |||| 00| 0 eng d
040 _cIT-RoPau
100 _aGiovanni Paolo II
_9306
245 _aCappella per la Beatificazione dei Servi Di Dio ... Giuseppe Timoteo Giaccardo
250 _aI
260 _aRoma
_bTipografia Vaticana
_c1989
300 _a99 p.
_c17 cm
490 _vI
520 _aI martiri di Thailandia The seven martyrs of Thailand Giuseppe Timoteo Giaccardo Maria di Gesù Deluil - Martiny (1841 - 1884) Canto di attesa Riti di Introduzione Rito della Beatificazione Liturgia della Parola Liturgia Eucaristica Riti di Conclusione Canto Finale
942 _2ddc
_cBK
999 _c37802
_d37802